01211cam a2200337 i 450000100090000000300090000900500170001800800410003502000400007602000180011604000380013408200200017210000370019224500620022926400580029126400100034930000440035933600260040333700280042933800270045749000530048450400510053765000330058865000300062165100100065165300250066165500240068694200120071099900170072295201340073911988560EG-ScBUE20241030105350.0000428t2000 riua f b 001 0 eng d a0821826360 (softcover : alk. paper) a9780821826362 aDLCbengerdacDLCdDLCdEG-ScBUE04a516.36bBLA2221 aBlair, David E.,d1940-eauthor.10aInversion theory and conformal mapping /cDavid E. Blair. 1aProvidence : bAmerican Mathematical Society,c[2000] 4cc2000 ax, 118 pages :billustrations ;c22 cm. 2rdacontentatextbtxt aunmediated2rdamediabn avolumebnc2rdacarrier0 aStudent mathematical library,x1520-9121 ;vv. 9 aIncludes bibliographical references and index. 7aInversions (Geometry)2BUEsh 7aConformal mapping.2BUEsh 2BUEsh bENGGENcFebruary2017 vReading book934232 2ddccBB c24127d24099 00102ddc40708BaccahaMAINbMAINc1STd2017-02-12ePurchaseg580.00l0o516.36 BLAp000045418r2025-07-15 00:00:00v725.00yBB